00593nam a2200157 a 450000100080000000500110000800800410001910000190006024500340007926000520011330000230016552001940018865000100038270000210039270000220041320098742015-02-25 2013 bl uuuu 00u1 u #d1 aDIAS, J. G. G. aGuia prático do ovinocultor. aPorto Alegre: SEAPA; Bagé: ARCO, [2013].c2013 a117 p.cil. color. aAspectos gerais da criação; Manejo do rebanho; Nutrição; Reprodução e atenção ao cordeiro; Sanidade; Carne - lã - leite - pele; Instalações; Controle mensal; Planilhas e tabelas. aOvino1 aBERNHARDT, E. A.1 aGRAZZIOTIN, M. S.